| 000 | 00000nam##2200000za#4500 |
| 001 | 9.661475 |
| 003 | CaOODSP |
| 005 | 20240209132419 |
| 007 | ta |
| 008 | 150407|2001||||xxc||||| f|0| 0 eng|d |
| 020 | |a0-662-64633-9 |
| 040 | |aCaOODSP|beng |
| 041 | |aeng |
| 041 | |afre |
| 043 | |an-cn--- |
| 086 | 1 |aC89-4/27-1-2001 |
| 110 | 2 |aAtlantic Canada Opportunities Agency. |
| 245 | 10|aBusiness start-ups, expansions and modernizations |
| 260 | |aMoncton - New Brunswick : |bAtlantic Canada Opportunities Agency |c2001. |
| 546 | |aBilingual |
| 563 | |aPamphlet |
| 590 | |a01-49|b2001-12-07 |
| 690 | 07|aBusinesses|2gcpds |
| 690 | 07|aModernization|2gcpds |
| 776 | 0#|tMise sur pied, agrandissement et modernisation d'entreprises |w(CaOODSP)9.638193 |
| 776 | 0#|tBusiness start-ups, expansions and modernizations |w(CaOODSP)9.694008 |
| 792 | |tMise sur pied, agrandissement et modernisation d'entreprises |efre|w(CaOODSP)9.661476 |